000 00536nam a2200217Ia 4500
003 OSt
005 20220928152049.0
006 a|||||r|||| 00| 0
007 ta
008 220927b |||||||| |||| 00| 0 eng d
024 _a143598
037 _cTextual
040 _aSDCL
_cSDCL
_beng
041 _2eng
_aeng
082 _aX.25'F, K2
100 _aNiyogi Puspa
_9518976
245 0 _aEconomic history of northern India
260 _c1962
942 _hX.25'F, K2
_cTEXL
_2CC
999 _c854134
_d854134